| 000 | 00501nam a2200193Ia 4500 | ||
|---|---|---|---|
| 003 | OSt | ||
| 005 | 20230510122811.0 | ||
| 008 | 210423s1996 xx 000 0 und d | ||
| 040 | _cAL | ||
| 041 | _aeng | ||
| 082 |
_a361.5 _223 _bPINC |
||
| 100 |
_aPINKUS (Helen),Ed. _9101995 |
||
| 245 | _aCase records for teaching purposes. | ||
| 260 |
_aBaroda _bFaculty Of Social Work _c1996 |
||
| 300 |
_a130 _bHB |
||
| 365 |
_b20 _cINR |
||
| 906 | _aCase ; purposes. ; records ; teaching | ||
| 942 |
_2ddc _cBK |
||
| 999 |
_c171844 _d171844 |
||